部首为马的常见中文汉字 Common Chinese characters with the radical “Horse” - Statistics

General Stats
  • This quiz has been taken 34 times
  • The average score is 26 of 51
Answer Stats
拼音首字母 笔画数 汉字 % Correct
m 3
86%
c 6
79%
j 10
79%
l 7
79%
l 9
79%
q 11
79%
j 8
76%
l 14
72%
t 8
72%
c 10
66%
q 11
66%
s 8
66%
z 8
66%
j 19
62%
n 8
62%
s 8
62%
y 8 驿
62%
j 9
59%
p 12
59%
l 10
55%
m 9
55%
p 9
55%
y 5
55%
j 8
52%
l 13
52%
q 7
52%
x 9
52%
b 7
48%
b 14
48%
h 9
48%
s 12
48%
x 6
48%
y 10
48%
z 11
48%
a 13
45%
h 9
45%
z 17
45%
f 8
41%
t 6
41%
c 11
38%
k 11
34%
s 13
34%
c 14
31%
d 8
31%
w 12
31%
x 20
31%
z 8
31%
z 8
24%
q 10
10%
q 13
10%
z 12
7%
No matching quizzes found
Score Distribution
Percent of People with Each Score
Percentile by Number Answered
Your Score History
You have not taken this quiz